| 000 | 00501nam a2200157 i 4500 | ||
|---|---|---|---|
| 001 | 46424 | ||
| 003 | ES-MaACL | ||
| 005 | 20230906161400.0 | ||
| 007 | t| | ||
| 008 | 030328s1886 sp ||||1| spa d | ||
| 111 | 2 |
_aCongreso Jurídico Español ( _d1886. _cMadrid) _9489 |
|
| 245 | 1 | 0 | _aCongreso Jurídico Español iniciado por la Real Academia de Jurisprudencia y Legislación. |
| 260 |
_aMadrid : _b[s.n.], _c1886 ( _fHijos de J. A. García) |
||
| 300 |
_a79 p. ; _c13 cm. |
||
| 852 |
_aES-MaACL _jD-515 |
||
| 999 |
_c46424 _d46424 |
||